zpět

Detail výsledku týmu

Spirit Bar - Žižkov, Praha

Datum a čas kvízu

34 Celkem bodů Celkový počet nahraných bodů na tomto kvízu bez doplňovacích otázek.
7. Pořadí na kvízu Konečné umístění týmu na tomto kvízu.

Zaznamenané odpovědi

# Otázka Odpověď Body Výsledky
1. Vláda ve středu schválila vzni... Křivoklátsko 1
2. Ve čtvrtek vystoupil na konfer... C) Jak dostat Putina před soud 1
3. Hudební streamovací platforma... Bad Bunny 0
4. Dosavadním rozvážkovým službám... Česká pošta, COOP 1
5. Která sportovkyně v sobotu uko... Markéta Davidová 0
6. Téma o nejpoužívanějších aplik... Netflix 1
7. V roce 2024 použilo alespoň je... WhatsApp 0
8. Ve které aplikaci najdeme tako... Waze 1
9. Ve které z těchto zemí jako v... C 0
10. Tento Evropan má kratičké příj... Spotify 0